000 00375nam a22001337a 4500
005 20250312162247.0
008 250312b |||||||| |||| 00| 0 eng d
020 _a978-1-40835-056-0
050 _aPE 1155.L38 2019
100 _aLOLA
245 _aA VERY SHINY WIPE-CLEAN LETTERS ACTIVITY BOOK
260 _aGREAT BRITAIN
_bWATTS PUBLISHING COMPANY
_c2019
942 _2lcc
_cBK
999 _c215049
_d215049